000 00653cam a22002413a 4500
001 13025
003 PGUSA
005 20140828083300.0
008 040726s2004||||xxu|||||s|||||000 1 eng d
040 _aPGUSA
_beng
042 _adc
050 4 _aPQ
100 1 _aSand, George,
_d1804-1876
245 1 0 _aLa Marquise
_h[electronic resource] /
_cGeorge Sand
260 _bProject Gutenberg,
_c2004
506 _aPublic domain in the USA.
516 _aElectronic text
653 _aFrance -- Fiction
653 _aWomen -- France -- Fiction
830 0 _aProject Gutenberg
_v13025
856 4 0 _uhttp://www.gutenberg.org/ebooks/13025
942 _cEB
999 _c242280
_d242280